| 000 | 00974nam a2200229Ia 4500 | ||
|---|---|---|---|
| 001 | 11674 | ||
| 003 | GE_BSU | ||
| 008 | 181216s||||||||xx |||||||||||||| ||und|| | ||
| 040 | _cGE_BSU | ||
| 080 | _a392(=353.1)+636(479.223)(09) | ||
| 100 | _aშამილაძე,ვ. | ||
| 245 | _aალპური მესაქონლეობა საქართველოში. | ||
| 245 | _bაჭარის მესაქონლეობის ეთნოგრაფიული შესწავლა. | ||
| 245 | _cრედ:მ.გეგეშიძე;მხატვ:გ.ნადირაძე. | ||
| 260 | _aთბილისი. | ||
| 260 | _bმეცნიერება. | ||
| 260 | _c1969. | ||
| 300 | _a189გვ;26სმ. | ||
| 300 | _eსაძიებელი:გვ.161;ტაბულები:გვ.191. | ||
| 653 | _aალპური მესაქონლეობა საქართველოში. | ||
| 942 | _cBK | ||
| 999 |
_c44860 _d44860 |
||